000 00337 a2200157 4500
001 163633
020 _a
040 _cMagnum
100 _aMazzetti, Maria
240 1 0 _aAs travessuras de pepita
_lpor
245 1 0 _aAs travessuras de pepita
362 0 _a1899
440 1 _aAo Livro Técnico
697 _aIJ/ANIMAIS
942 _cBK
999 _c163633
_d163633